000 00500nja a2200181 a 4500
003 BLK
005 20180414204610.0
008 180414c bul|r|ner|||| 00| c0bul d
010 _aNOT00003355004
040 _aBLK
245 1 0 _aХайде бре, Яно
_bПо нар. текст за смесен хор
257 _aBGR
380 _a7
773 _0317986
_9670961
_tХорови песни
852 _aЦб М ІІ 11844
942 _cNOT
_n0
944 _aCR
_c11.09.2012
_kИрена_Линкова
944 _aED
_c29.01.2014
_k
999 _c317990
_d317990